|
003 -Nazwa inst., której nr kontr. jest w polu 001 [,]
|
-
- @
- Nazwa instytucji, której n kontrolny jest w polu 001
- NUKAT
|
|
005 -DATA I CZAS OSTATNIEJ MODYFIKACJI [,]
|
-
- @
- pole kontrolne
- 20241231114509.0
|
|
020 -Międzynarod. znormalizowany nr książki - ISBN [ , ]
|
-
- a
- Numer ISBN
- 9788394430023
|
|
040 -Instytucja sporządzająca opis [ , ]
|
-
- a
- Instytucja, która sporządziła opis (NP)
- WR U/MB
-
- b
- Język katalogowania
- pol
-
- e
- Zasady katalogowania
- rda
-
- c
- Instytucja, która sporządziła rekord (NP)
- WR U/MB
-
- d
- Instytucja, która zmodyfikowała rekord (P)
- WR U/mw
-
- d
- Instytucja, która zmodyfikowała rekord (P)
- Ł U/APs
-
- d
- Instytucja, która zmodyfikowała rekord (P)
- SZCZ U/ML
|
|
041 -Język dokumentu [0, ]
|
-
- a
- Język tekstu (P)
- polski
-
- a
- Język tekstu (P)
- angielski
-
- b
- Język streszczeń lub abstraktu (P)
- islandzki wg BK
|
|
942 -Rodzaj dokumentu [ , ]
|
-
- c
- Rodzaj dokumentu
- Książka
|
|
245 -Strefa tytułu i oznaczenia odpowiedzialności [0,0]
|
-
- a
- Tytuł
- Obce gatunki inwazyjne - identyfikacja zagrożeń w celu ochrony bioróżnorodności = Invasive alien species - identification of threats to protect biodiversity /
-
- c
- Pozostałe elementy strefy tytułu i oznaczenia odpowiedzialności (NP)
- Jakub Skorupski, Magdalena Szenejko, Przemysław Śmietna, Remigiusz Panicz, Sławomir Keszka, Przemysław Czerniejewski, Marianna Soroka, Lidia Orłowska, Marzena Albrycht, Magdalena Zatoń-Dobrowolska, Magdalena Moska, Lucyna Kirczuk, Anna Rymaszewska ; redakcja naukowa = scientific editors Jakub Skorupski, Remigiusz Panicz, Magdalena Szenejko ; Federacja Zielonych "Gaja" ; Polskie Towarzystwo Genetyki Konserwatorskiej Lutereola.
|
|
246 -Wariant tytułu [3,0]
|
-
- a
- Tytuł (NP)
- Invasive alien species - identification of threats to protect biodiversity
|
|
260 -Strefa adresu wydawniczego [ , ]
|
-
- a
- Miejsce wydania (P)
- Szczecin :
-
- b
- Nazwa wydawcy (P)
- Federacja Zielonych "Gaja" :
-
- b
- Nazwa wydawcy (P)
- Polskie Towarzystwo Genetyki Konserwatorskiej Lutereola,
-
|
|
500 -Uwaga ogólna [ , ]
|
-
- a
- Uwaga ogólna (NP)
- Publikacja przygotowana i wydana w ramach projektu "Wymiana wiedzy, doświadczeń i najlepszych praktyk w badaniach i kontroli populacji obcych gatunków inwazyjnych w Polsce i na Islandii" finansowanego w ramach Funduszu Współpracy Dwustronnej Mechanizmu Finansowego Europejskiego Obszaru Gospodarczego 2009-2014 dla Programu PL02 "Ochrona różnorodności biologicznej i ekosystemów" oraz ze środków Narodowego Funduszu Ochrony Środowiska i Gospodarki Wodnej i realizowanego przez Federację Zielonych "GAJA", w partnerstwie z West-Iceland Nature Research Centre oraz we współpracy z Polskim Towarzystwem Genetyki Konserwatorskiej LUTREOLA, Zachodniopomorskim Uniwersytetem Technologicznym w Szczecinie i Fundacją AQUARIUS.
|
|
504 -Uwaga dot. bibliogr. załącznikowej [ , ]
|
-
- a
- Uwaga dot. bibliografii załącznikowej
- Bibliografia, netografia, wykaz aktów prawnych przy pracach.
|
|
536 -Uwaga dot. finansowania książki [ , ]
|
-
- a
- Tekst uwagi
- Publikacja finansowana ze środków Mechanizmu Finansowego Europejskiego Obszaru Gospodarczego (Eog) oraz narodowego Funduszu Ochrony Środowiska i Gospodarki Wodnej
|
|
546 -Uwaga dot. języka [ , ]
|
-
- a
- Uwaga dot. języka
- Tekst równoległy w języku polskim, angielskim. Streszczenie w języku islandzkim.
|
|
700 -Hasło dodatkowe - nazwa osobowa [1, ]
|
-
- a
- Nazwa osobowa (NP)
- Skorupski, Jakub
-
- c
- Dopowiedzenie inne niż daty biograficzne (NP)
- (genetyka).
-
- e
- Określenie rodzaju współpracy
- Redakcja
-
- e
- Określenie rodzaju współpracy
- Autor
-
|
|
700 -Hasło dodatkowe - nazwa osobowa [1, ]
|
-
- a
- Nazwa osobowa (NP)
- Szenejko, Magdalena.
-
- e
- Określenie rodzaju współpracy
- Redakcja
-
- e
- Określenie rodzaju współpracy
- Autor
-
|
|
700 -Hasło dodatkowe - nazwa osobowa [1, ]
|
-
- a
- Nazwa osobowa (NP)
- Śmietana, Przemysław.
-
- e
- Określenie rodzaju współpracy
- Autor
-
|
|
700 -Hasło dodatkowe - nazwa osobowa [1, ]
|
-
- a
- Nazwa osobowa (NP)
- Panicz, Remigiusz.
-
- e
- Określenie rodzaju współpracy
- Redakcja
-
- e
- Określenie rodzaju współpracy
- Autor
-
|
|
700 -Hasło dodatkowe - nazwa osobowa [1, ]
|
-
- a
- Nazwa osobowa (NP)
- Keszka, Sławomir.
-
- e
- Określenie rodzaju współpracy
- Autor
-
|
|
700 -Hasło dodatkowe - nazwa osobowa [1, ]
|
-
- a
- Nazwa osobowa (NP)
- Czerniejewski, Przemysław.
-
- e
- Określenie rodzaju współpracy
- Autor
-
|
|
700 -Hasło dodatkowe - nazwa osobowa [1, ]
|
-
- a
- Nazwa osobowa (NP)
- Soroka, Marianna.
-
- e
- Określenie rodzaju współpracy
- Autor
-
|
|
700 -Hasło dodatkowe - nazwa osobowa [1, ]
|
-
- a
- Nazwa osobowa (NP)
- Orłowska, Lidia Renata.
-
- e
- Określenie rodzaju współpracy
- Autor
-
|
|
700 -Hasło dodatkowe - nazwa osobowa [1, ]
|
-
- a
- Nazwa osobowa (NP)
- Albrycht, Marzena.
-
- e
- Określenie rodzaju współpracy
- Autor
-
|
|
700 -Hasło dodatkowe - nazwa osobowa [1, ]
|
-
- a
- Nazwa osobowa (NP)
- Zatoń-Dobrowolska, Magdalena.
-
- e
- Określenie rodzaju współpracy
- Autor
-
|
|
700 -Hasło dodatkowe - nazwa osobowa [1, ]
|
-
- a
- Nazwa osobowa (NP)
- Moska, Magdalena.
-
- e
- Określenie rodzaju współpracy
- Autor
-
|
|
700 -Hasło dodatkowe - nazwa osobowa [1, ]
|
-
- a
- Nazwa osobowa (NP)
- Kirczuk, Lucyna.
-
- e
- Określenie rodzaju współpracy
- Autor
-
|
|
700 -Hasło dodatkowe - nazwa osobowa [1, ]
|
-
- a
- Nazwa osobowa (NP)
- Rymaszewska, Anna.
-
- e
- Określenie rodzaju współpracy
- Autor
-
|